Air Force Ranks -Officer - Statistics

General Stats
  • This quiz has been taken 19 times
  • The average score is 8 of 11
Answer Stats
Hint Answer % Correct
O10 General
94%
O3 Captain
83%
O6 Colonel
83%
O5 Lieutenant Colonel
78%
O9 Lieutenant General
78%
O4 Major
78%
O1 Second Lieutenant
78%
O2 First Lieutenant
72%
O8 Major General
72%
O7 Brigadier General
67%
O11 General of the Air Force
61%
No matching quizzes found
Score Distribution
Percent of People with Each Score
Percentile by Number Answered
Your Score History
You have not taken this quiz